Normal view
MARC view
- Miniature books
Entry Topical Term
001 - CONTROL NUMBER
- control field: 93565
003 - CONTROL NUMBER IDENTIFIER
- control field: NUST
005 - DATE AND TIME OF LATEST TRANSACTION
- control field: 20220714101630.0
008 - FIXED-LENGTH DATA ELEMENTS
- fixed length control field: 220714|| aca||aabn | a|a d
040 ## - CATALOGING SOURCE
- Original cataloging agency: NUST
- Transcribing agency: NUST
150 ## - HEADING--TOPICAL TERM
- Topical term or geographic name entry element: Miniature books
- Form subdivision: Specimens
670 ## - SOURCE DATA FOUND
- Source citation: Work cat.: (NUST)0: Strobel, Lee, 1952- 8286, The case for faith :, c2000.
